| 000 | 00579nam a22001937a 4500 | ||
|---|---|---|---|
| 003 | 0 | ||
| 005 | 20240524134631.0 | ||
| 008 | 240524b xxu||||| |||| 00| 0 eng d | ||
| 020 | _a9786218205055 | ||
| 050 |
_aKF 390 _b.D56 2023 |
||
| 100 | _aDomingo, Andrix D. | ||
| 245 |
_aRegulatory framework and legal issues in business part II _cAndrix D. Domingo |
||
| 250 | _aSecond edition | ||
| 260 |
_aBenguet _bCoaching for Results Publishing _c2023 |
||
| 300 |
_a771 pages ; _c23cm. |
||
| 650 | _aBusiness law. | ||
| 650 | _aCommercial law -- Philippines. | ||
| 942 |
_2lcc _cBK |
||
| 999 |
_c365999 _d365999 |
||